000 00312nam a2200133Ia 4500
100 _aCooke/William
942 _cBK
654 _aQuantitative
245 _aQuantitative methods for management decisions
260 _bMcGraw Hill
_aNew York
_c1985
082 _a658.403
_bCOO
300 _a686
546 _aFRENCH
999 _c27972
_d27972